Manual de derecho de la informacin̤ /

Detalles Bibliográficos
Autor principal: Sanjurjo Rebollo, Beatriz
Formato: Libro
Lenguaje:español
Publicado: Madrid : Dykinson, cop. 2009
Colección:Manuales (Dykinson)
Materias:
Acceso en línea:Acceso restringido

MARC

LEADER 00000nam a2200000 a 4500
005 20110708132248.0
008 090622s2009 sp |||| |||||0|| 0 spa|c
017 |a DL M. 22697-2009 
020 |a 9788498496765 
035 |a 5329 
040 |d vLex 
080 |a 342.727(460) 
090 |c 2196  |d 2196 
100 1 |a Sanjurjo Rebollo, Beatriz 
245 1 0 |a Manual de derecho de la informacin̤ /  |c Beatriz Sanjurjo Rebollo  |h [Recurso electrn̤ico] 
246 1 |i Subtt̕ulo en la cubierta  |a Una perspectiva legal para un mundo cada da̕ ms̀ medit̀ico 
256 |a Servicio en ln̕ea. 
260 |a Madrid :  |b Dykinson,  |c cop. 2009 
300 |a 334 p. ;  |c 24 cm 
490 1 |a Manuales 
504 |a Incluye referencias bibliogrf̀icas (p. [329]-334) 
506 1 |a Contenido solo disponible en los productos indicados  |d vLex Global  |d vLex Global (Academic Edition, excluding Law Schools)  |d vLex Global (U.S. Academic Edition, Law Schools)  |d vLex Global (U.S. Academic Edition, excluding Law Schools)  |d vLex Global (Academic Edition, Law Schools) 
650 0 7 |a Derechos fundamentales  |2 Tesauro vLex 
650 0 7 |a Derecho de la informacin̤  |2 Tesauro vLex 
740 0 |a vLex Libros (Servicio en ln̕ea) 
830 0 |a Manuales (Dykinson) 
856 4 0 |u http://vlex.com/source/manual-derecho-informacion-5329  |z Acceso restringido 
942 |c BOOK